00285nam a2200121Ia 45000030006000000080041000060400015000471000040000622450023001022600009001255460012001340050017001460STCL150530s9999 xx 000 0 und d aSTCLcSTCL aStern Milton, R.; Gross Seymoor, L. aAmerican romantics c1975 aEnglish20220125171403.0